000 00761nam a2200217Ia 4500
003 GCL
008 140319s9999 xx 000 0 ara d
020 _a7214291977
040 _aGCL /
_cGCL
082 0 4 _a814.008
_bا ت
100 1 _aاحمد ابراهيم الفقيه
245 1 0 _aتحديات عصر جديد /
_cاحمد ابراهيم الفقيه
250 _aالاولى
260 _aالقاهرة :
_bمركز الحضارة العربية للاعلام والنشر ،
_c2000
300 _a135 ص ؛
_c20 سم
650 0 4 _aالمقالات - مجموعات
650 0 4 _aالمقالات العربية - مجموعات
650 0 4 _aالاعلام - المقالات
650 0 4 _aالفنون - المقالات
942 _2ddc
_cBK
999 _c5601
_d5601